<?xml version="1.0" encoding="UTF-8"?><?xml-stylesheet type="text/xsl" href="static/style.xsl"?><OAI-PMH xmlns="http://www.openarchives.org/OAI/2.0/" xmlns:xsi="http://www.w3.org/2001/XMLSchema-instance" xsi:schemaLocation="http://www.openarchives.org/OAI/2.0/ http://www.openarchives.org/OAI/2.0/OAI-PMH.xsd"><responseDate>2026-06-02T06:06:59Z</responseDate><request verb="GetRecord" identifier="oai:docta.ucm.es:20.500.14352/117081" metadataPrefix="marc">https://docta.ucm.es/rest/oai/request</request><GetRecord><record><header><identifier>oai:docta.ucm.es:20.500.14352/117081</identifier><datestamp>2025-03-18T15:45:02Z</datestamp><setSpec>com_20.500.14352_14</setSpec><setSpec>col_20.500.14352_15</setSpec></header><metadata><record xmlns="http://www.loc.gov/MARC21/slim" xmlns:dcterms="http://purl.org/dc/terms/" xmlns:xsi="http://www.w3.org/2001/XMLSchema-instance" xmlns:doc="http://www.lyncode.com/xoai" xsi:schemaLocation="http://www.loc.gov/MARC21/slim http://www.loc.gov/standards/marcxml/schema/MARC21slim.xsd">
   <leader>00925njm 22002777a 4500</leader>
   <datafield ind2=" " ind1=" " tag="042">
      <subfield code="a">dc</subfield>
   </datafield>
   <datafield ind2=" " ind1=" " tag="720">
      <subfield code="a">Fernández Giordano, Marisel</subfield>
      <subfield code="e">author</subfield>
   </datafield>
   <datafield ind2=" " ind1=" " tag="720">
      <subfield code="a">Gutierrez, Leopoldo</subfield>
      <subfield code="e">author</subfield>
   </datafield>
   <datafield ind2=" " ind1=" " tag="720">
      <subfield code="a">Llorens‐Montes, Francisco Javier</subfield>
      <subfield code="e">author</subfield>
   </datafield>
   <datafield ind2=" " ind1=" " tag="720">
      <subfield code="a">Choi, Thomas Y.</subfield>
      <subfield code="e">author</subfield>
   </datafield>
   <datafield ind2=" " ind1=" " tag="260">
      <subfield code="c">2022-07-01</subfield>
   </datafield>
   <datafield ind2=" " ind1=" " tag="520">
      <subfield code="a">Institutional theory suggests that organizations pursue legitimacy by institutional fit. However, there is a debate about the relationship between institutional fit and performance. Thus, the goal of the present study is to delve more deeply into this issue. Specifically, we evaluate how three dimensions of fit (technology, structure and culture) are related to organizational performance. The analysis is based on survey data and secondary archival data from a sample of 200 firms. Results show that the association of institutional fit and organizational performance varies along different dimensions of fit, which supports the stratified view of institutional fit. According to the results, there is a positive correlation between institutional fit and performance on the technological dimension, no correlation between institutional fit and performance on the structural dimension and a negative correlation between institutional fit and performance on the cultural dimension. One thing is clear: we should consider a stratified view of institutional fit when considering its implications for performance. A possible explanation for the disparity among different dimensions of fit is that it may arise from the levels of organizational resistance associated with the type of change of each dimension.</subfield>
   </datafield>
   <datafield ind1="8" ind2=" " tag="024">
      <subfield code="a">Fernandez‐Giordano, M., Gutierrez, L., Llorens‐Montes, F. J., &amp; Choi, T. Y. (2022). Stratified view of institutional fit. British Journal of Management, 33(3), 1499-1516.</subfield>
   </datafield>
   <datafield ind1="8" ind2=" " tag="024">
      <subfield code="a">1045-3172</subfield>
   </datafield>
   <datafield ind1="8" ind2=" " tag="024">
      <subfield code="a">10.1111/1467-8551.12546</subfield>
   </datafield>
   <datafield ind1="8" ind2=" " tag="024">
      <subfield code="a">https://hdl.handle.net/20.500.14352/117081</subfield>
   </datafield>
   <datafield ind1="8" ind2=" " tag="024">
      <subfield code="a">1467-8551</subfield>
   </datafield>
   <datafield ind1="8" ind2=" " tag="024">
      <subfield code="a">https://doi.org/10.1111/1467-8551.12546</subfield>
   </datafield>
   <datafield ind2="0" ind1="0" tag="245">
      <subfield code="a">Stratified view of institutional fit</subfield>
   </datafield>
   <datafield ind2="0" ind1="0" tag="245">
      <subfield code="a">Visión estratificada del ajuste institucional</subfield>
   </datafield>
</record></metadata></record></GetRecord></OAI-PMH>